Quiz Carte Europe - Statistiques

Statistiques générales
  • Ce quiz a été pris 200 fois
  • Le résultat moyen est 33 sur 44
Réponses sur la Carte
Les réponses sont colorées sur une échelle allant du rouge au vert en fonction du pourcentage des utilisateurs qui les ont devinées à leur premier essai. Vous pouvez retrouver ces pourcentages ci-dessous.
 
Statistiques - réponses
Réponse % Correct
France
88%
Allemagne
85%
Pays-Bas
85%
Belgique
84%
Pologne
84%
Espagne
83%
Italie
83%
Grèce
82%
Irlande
82%
Portugal
82%
Royaume-Uni
82%
Russie
82%
Suisse
82%
Andorre
81%
Finlande
81%
Danemark
80%
Islande
80%
Luxembourg
80%
Ukraine
80%
Norvège
79%
Suède
79%
Liechenstein
78%
Monaco
78%
Autriche
77%
Biélorussie
77%
Croatie
76%
Malte
76%
République tchèque
74%
Roumanie
73%
Saint-Marin
72%
Vatican
72%
Estonie
71%
Moldavie
70%
Lettonie
69%
Lituanie
69%
Serbie
66%
Bosnie-Herzégovie
65%
Slovénie
65%
Hongrie
64%
Macédoine du Nord
64%
Slovaquie
63%
Albanie
62%
Monténégro
61%
Bulgarie
60%
Kosovo
54%
Aucun quiz correspondant
Distribution des résultats
% des personnes avec chaque résultat
Percentile par nombre de réponses
Votre historique - résultats
Vous n’avez pas pris ce quiz